Statistics for Least Safe European Countries

Click here to take the quiz!

General Stats

  • This quiz has been taken 63 times
  • The average score is 14 of 15

Answer Stats

IndexCountry% Correct
53.0United Kingdom
100%
44.8Ukraine
98%
59.1Russia
97%
53.7Albania
93%
54.5Bosnia and Herzegovina
93%
54.1Italy
93%
53.2Moldova
93%
59.2Bulgaria
92%
42.6France
92%
51.5Belarus
90%
53.3Greece
88%
57.2North Macedonia
86%
57.3Montenegro
83%
50.9Belgium
78%
52.9Sweden
76%

Score Distribution

Percentile by Number Answered

Percent of People with Each Score

Your Score History

You have not taken this quiz